01869cam a22004934i 4500003000900000005001700009008004100026020001500067035002700082040003300109049000900142082002100151100002900172245004100201264004000242300003800282336002100320337002500341338002300366504002800389505022800417526001000645526001000655526001000665526001000675526000800685526000800693526000800701526000800709526000800717526000800725526000800733600003100741630005400772650000500826910001800831942001400849949012800863994001400991596000601005999015301011980005501164952015601219PE-LiUPU20250731173532.0150616s r 000 0 d a0805460357 a(Sirsi) i9780805460353 aPE-LiUPUbspacPE-LiUPUerda aPRUA04a227.924bB162211 aBailey, Raymond,eautor.10aPaul The Preacher /cRaymond Bailey. 1aTennessee :bBroadman Press,c1991. a130 páginas ;c21 centímetros atext2rdacontent aunmediated2rdamedia avolume2rdacarrier aIncluye bibliografía.0 aThe man who secularized the gospel.- God's Ulysses.- Revelation to proclamation: Paul's theology of preaching.- The urbanization of the gospel.- The rhetoric of Paul.- Paul's sermons in Acts.- Homiletical lessons from Paul. aSEG42 aSEG41 aSEG40 aSEG39 aP94 aP87 aP86 aP85 aP77 aP76 aP351 aPablo, ApóstolxSermones aBiblia.pN.T.pEpístolas de PabloxComentarios.04a ajckbjvqcjck 2ddccBOOK a227.924 B16wDEWEYc1i42301lCCODEBUL1mBULr0sYtBOOKu2015-6-16xTEOLOGIAzUNKNOWN0COMPRAo.STAFF. Colección General aC0bPEPRU a1 a227.924 B16wDEWEYc60133i42301f2021-11-9g5lCCODEBUL1mBULr0sYtBOOKu2015-6-16xTEOLOGIAzUNKNOWN0COMPRAo.STAFF. Colección Generald60133 81gALBERTO SANCHEZ Responsable de Automatización r2025-12-03 00:00:00i6l0o227.924 B16p42301te1w2015-06-16xPGyBKzinventario-2023-12-13102ddc50708GENfP87aBULbBULcGENd2015-06-16eCOMPRA